|
|
|
|
| LEADER |
01021nam a2200289 i 4500 |
| 001 |
2 |
| 003 |
BD-DhAAL |
| 005 |
20150322115101.0 |
| 008 |
150322s1979 njua b 001 0 eng |
| 010 |
|
|
|a 79004031
|
| 020 |
|
|
|a 0877781370 :
|c $15.95
|
| 040 |
|
|
|a DLC
|c DLC
|d DLC
|d BD-DhAAL
|
| 050 |
0 |
0 |
|a LB3261
|b .K58
|
| 082 |
0 |
0 |
|a 371.6/2
|
| 100 |
1 |
|
|a Knirk, Frederick G.
|9 10027
|
| 245 |
1 |
0 |
|a Designing productive learning environments /
|c Frederick G. Knirk.
|
| 260 |
|
|
|a Englewood Cliffs, N.J. :
|b Educational Technology Publications,
|c c1979.
|
| 300 |
|
|
|a x, 171 p. :
|b ill. ;
|c 25 cm.
|
| 500 |
|
|
|a Includes index.
|
| 504 |
|
|
|a Bibliography: p. 161-163.
|
| 541 |
|
|
|e 2
|
| 650 |
|
0 |
|a School facilities
|x Planning.
|9 10028
|
| 650 |
|
0 |
|a School environment.
|9 10029
|
| 650 |
|
0 |
|a Educational technology.
|9 10030
|
| 942 |
|
|
|2 ddc
|c BK
|
| 999 |
|
|
|c 34136
|d 34136
|
| 952 |
|
|
|0 0
|1 0
|2 ddc
|4 0
|6 371_620000000000000_KNI
|7 0
|9 53267
|a SCL
|b SCL
|c GEN
|d 2015-03-22
|e Gift: The Asia Foundation
|l 0
|o 371.62 KNI
|p 3020000002
|r 2015-03-22
|t 1
|w 2015-03-22
|y BK
|